[Event "Rhein Main op-A 25th"]
[Site "Bad Homburg"]
[Date "2023.06.08"]
[Round "2"]
[White "Willems, Matthias"]
[Black "Schulze, Manfred"]
[Result "1-0"]
[WhiteElo "2013"]
[BlackElo "1867"]
[PlyCount "99"]
[EventDate "2023.06.07"]
[EventType "swiss"]
[EventRounds "7"]
[EventCountry "GER"]
[SourceTitle "CBM 215 Extra"]
[Source "ChessBase"]
[SourceDate "2023.09.30"]
[SourceVersion "1"]
[SourceVersionDate "2023.09.30"]
[SourceQuality "1"]

1. d4 c5 2. d5 Nf6 3. Nc3 g6 4. e4 d6 5. Bb5+ Bd7 6. a4 Bg7 7. h3 0-0 8. Nf3 a6 9. Bc4 Nh5 10. 0-0 Bc8 11. Be3 Qc7 12. Qd2 Nd7 13. Bh6 Ne5 14. Nxe5 dxe5 15. Bxg7 Kxg7 16. Rad1 Qd6 17. Be2 Nf4 18. Bg4 f5 19. Bf3 Bd7 20. Kh2 g5 21. exf5 Bxf5 22. Bg4 Bxg4 23. hxg4 Qh6+ 24. Kg1 Qh4 25. f3 Rf6 26. Qe1 Rd8 27. Qxh4 gxh4 28. Ne4 Rh6 29. c4 h3 30. g3 Ne2+ 31. Kh2 b6 32. Rde1 Nd4 33. g5 Rg6 34. Kxh3 Rf8 35. Kg2 h6 36. gxh6+ Kxh6 37. g4 Kg7 38. Ng3 Nc2 39. Rxe5 Rf7 40. Nf5+ Rxf5 41. Rxf5 Ne3+ 42. Kf2 Nxf5 43. gxf5 Rg5 44. Rg1 Rxg1 45. Kxg1 Kf6 46. Kf2 Kxf5 47. Ke3 Ke5 48. f4+ Kf5 49. Kf3 Kf6 50. Ke4 1-0

[Event "Hessenliga 1516"]
[Site "Germany"]
[Date "2015.12.06"]
[Round "4.7"]
[White "Willems, Matthias"]
[Black "Kraft, Wolfgang"]
[Result "1-0"]
[WhiteElo "2017"]
[BlackElo "2134"]
[PlyCount "65"]
[EventDate "2015.09.27"]
[EventType "team-tourn"]
[EventRounds "9"]
[EventCountry "GER"]
[SourceTitle "EXT 2018"]
[Source "ChessBase"]
[SourceDate "2017.10.13"]
[SourceVersion "1"]
[SourceVersionDate "2017.10.13"]
[SourceQuality "1"]
[WhiteTeam "Bad Nauheim"]
[BlackTeam "Dettingen"]
[WhiteTeamCountry "GER"]
[BlackTeamCountry "GER"]

1. Nf3 Nf6 2. c4 g6 3. g3 Bg7 4. Bg2 0-0 5. 0-0 d6 6. Nc3 Nc6 7. d3 e5 8. Rb1 h6 9. b4 Nh5 10. b5 Ne7 11. Nd2 f5 12. Bb2 Nf6 13. Qb3 Kh7 14. c5 g5 15. cxd6 cxd6 16. Ba3 Ne8 17. Qb4 Rf6 18. Nc4 Rg6 19. Rfc1 Rb8 20. Qa5 Qxa5 21. Nxa5 Bf8 22. Rc2 b6 23. Nc6 Nxc6 24. Bxc6 Ng7 25. Nd5 Ne6 26. e3 g4 27. Rbc1 Bb7 28. Bxb7 Rxb7 29. Rc8 Kg7 30. R1c6 Rd7 31. d4 exd4 32. exd4 Nxd4 33. Bb2 1-0

[Event "Frankfurt-chA"]
[Site "Frankfurt"]
[Date "2015.06.08"]
[Round "6"]
[White "Willems, Matthias"]
[Black "Poetsch, Hagen"]
[Result "0-1"]
[WhiteElo "1949"]
[BlackElo "2464"]
[PlyCount "62"]
[EventDate "2015.04.27"]
[EventType "swiss"]
[EventRounds "7"]
[EventCountry "GER"]
[SourceTitle "EXT 2016"]
[Source "ChessBase"]
[SourceDate "2015.10.08"]
[SourceVersion "1"]
[SourceVersionDate "2015.10.08"]
[SourceQuality "1"]

1. e4 g6 2. d4 c6 3. c4 Bg7 4. Nc3 d6 5. Nf3 Nf6 6. Be2 0-0 7. 0-0 Nbd7 8. h3 e5 9. dxe5 dxe5 10. Be3 Qe7 11. Qc2 Nh5 12. Rfd1 Nf4 13. Bf1 Nc5 14. b4 Nce6 15. g3 Nh5 16. c5 f5 17. Kh2 f4 18. gxf4 Nexf4 19. Ng1 g5 20. f3 g4 21. Bxf4 Nxf4 22. fxg4 Bxg4 23. Rd2 Qh4 24. Rf2 Nxh3 25. Nxh3 Bxh3 26. Rxf8+ Rxf8 27. Kg1 Qg3+ 28. Bg2 Bh6 29. Rf1 Be3+ 30. Kh1 Rxf1+ 31. Bxf1 Qg1# 0-1

[Event "Frankfurt-chA"]
[Site "Frankfurt"]
[Date "2015.05.18"]
[Round "4"]
[White "Willems, Matthias"]
[Black "Zimmer, Gerald"]
[Result "1-0"]
[WhiteElo "1949"]
[BlackElo "1819"]
[PlyCount "33"]
[EventDate "2015.04.27"]
[EventType "swiss"]
[EventRounds "7"]
[EventCountry "GER"]
[SourceTitle "EXT 2016"]
[Source "ChessBase"]
[SourceDate "2015.10.08"]
[SourceVersion "1"]
[SourceVersionDate "2015.10.08"]
[SourceQuality "1"]

1. d4 d5 2. Nf3 Nf6 3. e3 c6 4. c4 a6 5. cxd5 cxd5 6. Nc3 Nc6 7. Be2 b5 8. Bd2 e6 9. Rc1 Bb7 10. Nxb5 axb5 11. Bxb5 Qb6 12. Qb3 Rc8 13. Ne5 Nd7 14. Bxc6 Rxc6 15. Nxc6 Qxb3 16. axb3 Bd6 17. Na5 1-0

[Event "Hessenliga 1415"]
[Site "Hessen"]
[Date "2015.03.01"]
[Round "7.7"]
[White "Voellinger, Florian"]
[Black "Willems, Matthias"]
[Result "0-1"]
[WhiteElo "1803"]
[BlackElo "2042"]
[PlyCount "80"]
[EventDate "2014.09.28"]
[EventType "team-tourn"]
[EventRounds "9"]
[EventCountry "GER"]
[SourceTitle "EXT 2016"]
[Source "ChessBase"]
[SourceDate "2015.10.08"]
[SourceVersion "1"]
[SourceVersionDate "2015.10.08"]
[SourceQuality "1"]
[WhiteTeam "Dettingen"]
[BlackTeam "Bad Nauheim"]
[WhiteTeamCountry "GER"]
[BlackTeamCountry "GER"]

1. d4 d6 2. Nf3 Nf6 3. c4 g6 4. Nc3 Bf5 5. e3 Bg7 6. Bd3 Bxd3 7. Qxd3 Nbd7 8. 0-0 e5 9. Rb1 a5 10. a3 0-0 11. b4 axb4 12. axb4 Qe7 13. Nd2 c6 14. Nb3 Ra7 15. d5 cxd5 16. cxd5 b6 17. Bd2 Rc8 18. Nb5 Raa8 19. e4 Ne8 20. Rfc1 Rxc1+ 21. Rxc1 h5 22. Qc3 f5 23. f3 fxe4 24. fxe4 Ndf6 25. Qc6 Ra2 26. Bg5 Rb2 27. Qc3 Ra2 28. Nd2 Qd7 29. Qc4 Rb2 30. h3 Kh7 31. Ra1 Qf7 32. Ra7 Qf8 33. Rb7 Kh8 34. Rxb6 Bh6 35. Bxh6 Qxh6 36. Nf1 Qf4 37. Kh1 Qf2 38. Ne3 Rb1+ 39. Nf1 Rxf1+ 40. Kh2 Qf4+ 0-1

[Event "Rhein Main op-A 16th"]
[Site "Bad Homburg"]
[Date "2013.05.31"]
[Round "4"]
[White "Willems, Matthias"]
[Black "Rolf, Marco"]
[Result "1-0"]
[WhiteElo "2016"]
[BlackElo "1895"]
[PlyCount "73"]
[EventDate "2013.05.29"]
[EventType "swiss"]
[EventRounds "7"]
[EventCountry "GER"]
[SourceTitle "EXT 2014"]
[Source "ChessBase"]
[SourceDate "2013.11.20"]
[SourceVersion "1"]
[SourceVersionDate "2013.11.20"]
[SourceQuality "1"]

1. Nf3 d5 2. c4 d4 3. b4 f6 4. e3 e5 5. Qb3 Be6 6. b5 dxe3 7. fxe3 Bc5 8. Bb2 Qe7 9. Be2 c6 10. a4 Nd7 11. 0-0 a5 12. Nc3 Nh6 13. d4 Bb4 14. d5 cxd5 15. cxd5 Nc5 16. Qa2 Bf7 17. Nd2 Rd8 18. e4 f5 19. exf5 Qg5 20. Nf3 Qe3+ 21. Kh1 Bxc3 22. Qa3 Ne4 23. Nxe5 Bd2 24. Nc4 Nf2+ 25. Rxf2 Qxf2 26. Nd6+ Kd7 27. Nxb7 Bb4 28. Qd3 Qxf5 29. Qg3 Rc8 30. Qxg7 Qc2 31. Bg4+ Nxg4 32. Qxf7+ Be7 33. Qe6+ Ke8 34. d6 Nf2+ 35. Kg1 Qe4 36. d7+ Kf8 37. dxc8Q+ 1-0

[Event "Frankfurt-chA"]
[Site "Frankfurt"]
[Date "2013.05.06"]
[Round "2"]
[White "Milov, Leonid"]
[Black "Willems, Matthias"]
[Result "1-0"]
[WhiteElo "2529"]
[BlackElo "2027"]
[PlyCount "57"]
[EventDate "2013.04.29"]
[EventType "swiss"]
[EventRounds "7"]
[EventCountry "GER"]
[SourceTitle "EXT 2014"]
[Source "ChessBase"]
[SourceDate "2013.11.20"]
[SourceVersion "1"]
[SourceVersionDate "2013.11.20"]
[SourceQuality "1"]

1. e4 d6 2. d4 Nf6 3. Nc3 g6 4. f4 Bg7 5. Nf3 c5 6. dxc5 Qa5 7. Qd4 dxc5 8. Qc4 0-0 9. e5 Be6 10. Qa4 Qxa4 11. Nxa4 Ne4 12. Bd3 Bd5 13. c4 Bc6 14. Bxe4 Bxe4 15. Nxc5 Bxf3 16. gxf3 Rc8 17. Be3 b6 18. Nd3 Rxc4 19. Kd2 Nd7 20. Rhc1 Rac8 21. Rxc4 Rxc4 22. a4 Rc7 23. a5 bxa5 24. Rxa5 Bh6 25. Bxa7 Nxe5 26. Nxe5 Bxf4+ 27. Be3 Bxh2 28. Ra8+ Kg7 29. Ng4 1-0

[Event "Hessenliga 1112"]
[Site "Germany"]
[Date "2012.05.13"]
[Round "9.7"]
[White "Bluhm, Sonja Maria"]
[Black "Willems, Matthias"]
[Result "1-0"]
[WhiteElo "1871"]
[BlackElo "2060"]
[PlyCount "78"]
[EventDate "2011.09.25"]
[EventType "team-tourn"]
[EventRounds "9"]
[EventCountry "GER"]
[SourceTitle "EXT 2013"]
[Source "ChessBase"]
[SourceDate "2012.11.22"]
[SourceVersion "1"]
[SourceVersionDate "2012.11.22"]
[SourceQuality "1"]
[WhiteTeam "Hofheim II"]
[BlackTeam "Bad Nauheim"]
[WhiteTeamCountry "GER"]
[BlackTeamCountry "GER"]

1. e4 d6 2. d4 Nf6 3. Nc3 Nbd7 4. Nf3 e5 5. Bc4 Be7 6. 0-0 0-0 7. a4 c6 8. Ba2 b6 9. Re1 a6 10. h3 Rb8 11. Be3 b5 12. axb5 axb5 13. b4 Qc7 14. Qd3 exd4 15. Nxd4 Ne5 16. Qd2 Nc4 17. Bxc4 bxc4 18. b5 Bd7 19. bxc6 Bxc6 20. Nf5 Rfe8 21. Bd4 Bf8 22. Bxf6 gxf6 23. Re3 Kh8 24. Rg3 Re5 25. Qf4 Rxf5 26. Qxf5 Qe7 27. Ra7 Qe6 28. Qxe6 fxe6 29. Rf7 f5 30. exf5 exf5 31. Rc7 Be8 32. Rxc4 d5 33. Nxd5 Bf7 34. Rd4 Rb1+ 35. Kh2 Bc5 36. Rd2 Bd6 37. f4 Bc5 38. Rc3 Bf2 39. Rxf2 Bxd5 1-0

[Event "Karl Mala Memorial op 14th"]
[Site "Frankfurt"]
[Date "2011.07.10"]
[Round "7"]
[White "Engel, Berthold"]
[Black "Willems, Matthias"]
[Result "1-0"]
[WhiteElo "2209"]
[BlackElo "2053"]
[PlyCount "105"]
[EventDate "2011.07.07"]
[EventType "swiss"]
[EventRounds "7"]
[EventCountry "GER"]
[SourceTitle "EXT 2012"]
[Source "ChessBase"]
[SourceDate "2011.11.24"]
[SourceVersion "1"]
[SourceVersionDate "2011.11.24"]
[SourceQuality "1"]

1. e4 d6 2. d4 Nf6 3. f3 e5 4. dxe5 dxe5 5. Qxd8+ Kxd8 6. Bc4 Ke8 7. Be3 Nfd7 8. Nc3 c6 9. Rd1 Bc5 10. Kf2 b5 11. Nxb5 Bxe3+ 12. Kxe3 cxb5 13. Bd5 Nb6 14. Bxa8 Nxa8 15. Rd5 f6 16. Rxb5 Nc6 17. Rc5 Bd7 18. Ne2 Ke7 19. Rd1 Rb8 20. b3 Nc7 21. c3 a5 22. Nc1 Rb6 23. Rc4 Nb5 24. Ne2 Nd6 25. Rc5 Be6 26. c4 Nb7 27. Rb5 Rxb5 28. cxb5 Nb4 29. Rd2 Nxa2 30. Rxa2 Bxb3 31. Rd2 Nd6 32. Rd3 Bc4 33. Rc3 Bxb5 34. Rc7+ Bd7 35. Nc3 Ke6 36. Kd3 g5 37. Ra7 a4 38. Nxa4 Bxa4 39. Rxa4 Kf7 40. Ke3 Kg6 41. g3 Nf7 42. Ra6 h5 43. Kd3 g4 44. f4 exf4 45. gxf4 h4 46. Ke3 Kg7 47. Rb6 Nh6 48. f5 Nf7 49. Rb7 Kg8 50. Kf4 Ne5 51. Rb5 g3 52. hxg3 h3 53. Rb1 1-0